000 00724nam a2200205Ia 4500
999 _c36435
_d36435
001 2350
003 GE_BSU
005 20221026112103.0
008 181216s2005az xx |||||||||||||| ||aze||
020 _a5806614689
040 _cGE_BSU
041 _aaze
080 _a94(479.24)(030) N-32
245 _aNAXÇİVAN ENSİKLOPEDİYASİ NE 2 CİLDDE CİLD 2 AZARBAYCAN MİLLİ ELMLƏR AKADEMİYASİNİN NAXÇİVAN BÖLMASİ
264 _aNaxçivan,
_c2005.
300 _a356 c. :
_bилл.
653 _aNAXÇİVAN ENSİKLOPEDİYASİ NE 2 CİLDDE CİLD 2 AZARBAYCAN MİLLİ ELMLƏR AKADEMİYASİNİN NAXÇİVAN BÖLMASİ
653 _aნაკჩივანის ენციკლოპედია
942 _cBK
_2udc